[Event "DVM U12 2020"]
[Site "Magdeburg GER"]
[Date "2021.08.06"]
[Round "3"]
[White "Tibi, Anwar"]
[Black "Borgert, Alexander"]
[Result "0-1"]
[Termination "normal"]
[Board "1.4"]
[WhiteElo "1204"]
[BlackElo "1527"]
[WhiteClock "00:49:02"]
[BlackClock "00:29:44"]
[WhiteTeam "Godesberger Schachklub 1929 e. V."]
[BlackTeam "Hamburger SK von 1830 eV"]
[PlyCount "120"]
[WhiteFideId "34608133"]
[BlackFideId "16289188"]
[EventCountry "GER"]
[EventRounds "7"]
[EventType "team-swiss"]
[EventDate "2021.08.04"]

1. e4 {[%clk 01:30:53]} {[%emt 00:00:48]} c5 {[%clk 01:30:56]} 2. Nf3 {[%clk
01:31:08]} Nc6 {[%clk 01:31:22]} 3. Nc3 {[%clk 01:31:21]} g6 {[%clk 01:31:46]}
{[%emt 00:00:39]} 4. d4 {[%clk 01:31:34]} cxd4 {[%clk 01:32:11]} 5. Nxd4 {[%clk
01:31:54]} {[%emt 00:00:21]} Bg7 {[%clk 01:32:35]} 6. Be3 {[%clk 01:31:08]}
{[%emt 00:01:01]} Nf6 {[%clk 01:26:57]} {[%emt 00:07:53]} 7. Bb5 {[%clk
01:31:17]} O-O {[%clk 01:26:08]} 8. O-O {[%clk 01:29:57]} {[%emt 00:03:32]} a6
{[%clk 01:26:29]} 9. Bxc6 {[%clk 01:29:51]} dxc6 {[%clk 01:26:36]} 10. Nf3
{[%clk 01:29:40]} Bg4 {[%clk 01:24:41]} {[%emt 00:02:24]} 11. Qxd8 {[%clk
01:28:24]} {[%emt 00:02:05]} Rfxd8 {[%clk 01:23:46]} {[%emt 00:01:36]} 12. Ne5
{[%clk 01:28:27]} Be6 {[%clk 01:17:40]} {[%emt 00:08:59]} 13. Nd3 {[%clk
01:14:58]} {[%emt 00:16:25]} Nd7 {[%clk 01:15:03]} 14. Bd2 {[%clk 01:13:41]}
{[%emt 00:00:04]} Bc4 {[%clk 01:14:45]} {[%emt 00:02:00]} 15. Rfd1 {[%clk
01:08:35]} {[%emt 00:06:58]} Bxd3 {[%clk 01:12:59]} 16. cxd3 {[%clk 01:08:47]}
Nc5 {[%clk 01:11:39]} {[%emt 00:01:46]} 17. Bg5 {[%clk 01:05:37]} {[%emt
00:03:56]} Rd7 {[%clk 00:59:51]} {[%emt 00:15:19]} 18. Be3 {[%clk 01:01:02]}
{[%emt 00:01:50]} Bd4 {[%clk 00:51:55]} {[%emt 00:11:05]} 19. Kf1 {[%clk
00:55:29]} {[%emt 00:03:26]} Bxe3 {[%clk 00:43:18]} {[%emt 00:13:40]} 20. fxe3
{[%clk 00:55:38]} Nxd3 {[%clk 00:36:17]} {[%emt 00:03:16]} 21. Ke2 {[%clk
00:54:32]} {[%emt 00:04:29]} Rad8 {[%clk 00:33:53]} 22. b3 {[%clk 00:53:27]}
{[%emt 00:04:10]} b5 {[%clk 00:33:21]} 23. Rxd3 {[%clk 00:46:01]} {[%emt
00:10:40]} Rxd3 {[%clk 00:29:37]} 24. Nd5 {[%clk 00:46:14]} {[%emt 00:02:37]}
R3xd5 {[%clk 00:27:55]} 25. exd5 {[%clk 00:46:29]} {[%emt 00:00:44]} Rxd5
{[%clk 00:28:19]} 26. Rc1 {[%clk 00:46:25]} {[%emt 00:00:08]} Rd6 {[%clk
00:28:37]} {[%emt 00:00:45]} 27. a4 {[%clk 00:46:24]} Kg7 {[%clk 00:24:48]}
{[%emt 00:04:49]} 28. axb5 {[%clk 00:46:06]} {[%emt 00:00:10]} axb5 {[%clk
00:25:11]} {[%emt 00:00:09]} 29. Ra1 {[%clk 00:46:19]} {[%emt 00:00:22]} Kf6
{[%clk 00:25:29]} {[%emt 00:00:07]} 30. e4 {[%clk 00:46:27]} {[%emt 00:00:25]}
Ke5 {[%clk 00:25:25]} {[%emt 00:00:27]} 31. Ra7 {[%clk 00:46:30]} {[%emt
00:00:35]} Re6 {[%clk 00:25:43]} {[%emt 00:00:04]} 32. Ke3 {[%clk 00:46:42]}
{[%emt 00:00:54]} Kd6 {[%clk 00:25:37]} {[%emt 00:00:03]} 33. Ra2 {[%clk
00:46:01]} {[%emt 00:01:11]} f5 {[%clk 00:24:46]} {[%emt 00:01:28]} 34. b4
{[%clk 00:45:17]} {[%emt 00:01:09]} Rxe4+ {[%clk 00:24:53]} {[%emt 00:00:19]}
35. Kd3 {[%clk 00:45:12]} {[%emt 00:00:34]} Rxb4 {[%clk 00:25:11]} {[%emt
00:00:12]} 36. Rd2 {[%clk 00:45:26]} {[%emt 00:00:34]} c5 {[%clk 00:24:04]}
{[%emt 00:01:37]} 37. g3 {[%clk 00:45:19]} {[%emt 00:00:23]} Rd4+ {[%clk
00:24:25]} {[%emt 00:00:05]} 38. Kc3 {[%clk 00:45:22]} {[%emt 00:00:30]} b4+
{[%clk 00:24:14]} {[%emt 00:00:38]} 39. Kc2 {[%clk 00:45:24]} {[%emt 00:00:45]}
b3+ {[%clk 00:24:33]} 40. Kc1 {[%clk 00:45:41]} {[%emt 00:00:09]} Rxd2 {[%clk
00:24:56]} {[%emt 00:00:07]} 41. Kxd2 {[%clk 00:46:08]} {[%emt 00:00:07]} c4
{[%clk 00:25:15]} {[%emt 00:00:05]} 42. Kc3 {[%clk 00:46:01]} {[%emt 00:00:39]}
Kc5 {[%clk 00:25:24]} {[%emt 00:00:21]} 43. h4 {[%clk 00:45:30]} {[%emt
00:00:58]} e5 {[%clk 00:25:49]} {[%emt 00:00:13]} 44. h5 {[%clk 00:45:14]}
{[%emt 00:00:53]} gxh5 {[%clk 00:26:10]} 45. g4 {[%clk 00:45:37]} {[%emt
00:00:19]} hxg4 {[%clk 00:26:37]} 46. Kb2 {[%clk 00:45:58]} Kb4 {[%clk
00:27:01]} {[%emt 00:00:04]} 47. Ka1 {[%clk 00:46:23]} {[%emt 00:00:13]} g3
{[%clk 00:27:05]} {[%emt 00:00:19]} 48. Kb1 {[%clk 00:46:29]} {[%emt 00:00:23]}
c3 {[%clk 00:27:28]} {[%emt 00:00:16]} 49. Kc1 {[%clk 00:46:26]} {[%emt
00:00:20]} g2 {[%clk 00:27:52]} {[%emt 00:00:13]} 50. Kd1 {[%clk 00:46:49]}
{[%emt 00:00:04]} g1=Q+ {[%emt 00:00:08]} 51. Ke2 {[%emt 00:00:18]} f4 {[%clk
00:27:37]} {[%emt 00:00:18]} 52. Kf3 {[%clk 00:46:42]} {[%emt 00:00:53]} Qg3+
{[%clk 00:27:58]} 53. Ke4 {[%clk 00:47:06]} h5 {[%clk 00:28:05]} {[%emt
00:00:20]} 54. Kd5 {[%clk 00:47:27]} {[%emt 00:00:42]} Qf3+ {[%clk 00:28:28]}
55. Ke6 {[%clk 00:47:51]} Qd5+ {[%clk 00:28:53]} 56. Kf6 {[%clk 00:48:01]}
{[%emt 00:00:11]} Qe6+ {[%clk 00:28:57]} {[%emt 00:00:19]} 57. Kxe6 {[%clk
00:48:22]} {[%emt 00:00:52]} c2 {[%clk 00:29:22]} 58. Kf7 {[%clk 00:48:41]}
c1=Q 59. Kg8 Qc7 {[%clk 00:29:30]} 60. Kh8 {[%clk 00:49:02]} {[%emt 00:00:27]}
Qe7 {[%clk 00:29:44]} 0-1

[Event "DVM U12 2020"]
[Site "Magdeburg GER"]
[Date "2021.08.06"]
[Round "3"]
[White "Haubold, Sebastian Marcel"]
[Black "Kempe, Caius Emilian"]
[Result "1-0"]
[Termination "normal"]
[Board "2.1"]
[WhiteElo "1813"]
[BlackElo "2013"]
[WhiteClock "00:30:41"]
[BlackClock "00:41:42"]
[WhiteTeam "SG Einheit Staßfurt"]
[BlackTeam "USV TU Dresden"]
[PlyCount "103"]
[WhiteFideId "16259637"]
[BlackFideId "16246861"]
[EventCountry "GER"]
[EventRounds "7"]
[EventType "team-swiss"]
[EventDate "2021.08.04"]

1. e4 {[%clk 01:30:56]} e6 {[%clk 01:30:52]} 2. d4 {[%clk 01:31:20]} d5 {[%clk
01:31:19]} 3. Nd2 {[%clk 01:31:43]} c5 {[%clk 01:31:43]} 4. exd5 Qxd5 {[%clk
01:32:01]} 5. Ngf3 {[%clk 01:32:29]} cxd4 {[%clk 01:32:25]} 6. Bc4 {[%clk
01:32:49]} Qd7 {[%clk 01:32:48]} 7. O-O {[%clk 01:33:08]} Nc6 {[%clk 01:33:06]}
8. Nb3 {[%clk 01:33:21]} a6 {[%clk 01:33:26]} 9. Nbxd4 {[%clk 01:31:59]} Nxd4
{[%clk 01:33:45]} 10. Nxd4 {[%clk 01:32:15]} Qc7 {[%clk 01:33:10]} 11. Bb3
{[%clk 01:27:25]} Bd6 {[%clk 01:33:30]} 12. h3 {[%clk 01:23:13]} {[%emt
00:00:05]} Ne7 {[%clk 01:33:30]} 13. Re1 {[%clk 01:12:18]} {[%emt 00:07:55]}
O-O {[%clk 01:33:07]} 14. Qf3 {[%clk 01:10:42]} {[%emt 00:21:46]} Bd7 {[%clk
01:32:24]} 15. Bg5 {[%clk 01:03:59]} {[%emt 00:01:13]} Ng6 {[%clk 01:10:22]}
16. Rad1 {[%clk 00:58:49]} {[%emt 00:22:10]} h6 {[%clk 01:06:10]} 17. Bc1
{[%clk 00:57:08]} Rad8 {[%clk 00:57:29]} 18. c3 {[%clk 00:47:51]} {[%emt
00:47:30]} Kh7 {[%clk 00:50:36]} 19. Bc2 {[%clk 00:46:43]} e5 {[%clk 00:49:08]}
20. Nf5 {[%clk 00:45:33]} Bc6 {[%clk 00:49:04]} 21. Qg4 {[%clk 00:42:30]}
{[%emt 00:01:56]} Bc5 {[%clk 00:46:41]} 22. Rxd8 {[%clk 00:37:12]} Rxd8 {[%clk
00:44:37]} 23. h4 {[%clk 00:36:57]} Qb6 {[%clk 00:39:00]} {[%emt 00:04:50]} 24.
Rf1 {[%clk 00:35:35]} {[%emt 00:06:06]} Bb5 {[%clk 00:33:08]} {[%emt 00:01:39]}
25. c4 {[%clk 00:35:54]} {[%emt 00:00:09]} Bd7 {[%clk 00:33:05]} {[%emt
00:00:35]} 26. h5 {[%clk 00:36:06]} {[%emt 00:00:14]} Kh8 {[%clk 00:29:57]}
{[%emt 00:03:40]} 27. Qg3 {[%clk 00:27:42]} {[%emt 00:10:53]} Bxf5 {[%clk
00:29:51]} 28. Bxf5 {[%clk 00:28:06]} Nf4 {[%clk 00:29:39]} 29. Bxf4 {[%clk
00:28:03]} {[%emt 00:00:09]} exf4 {[%clk 00:30:05]} 30. Qxf4 {[%clk 00:28:25]}
{[%emt 00:00:04]} Qxb2 {[%clk 00:29:00]} {[%emt 00:01:32]} 31. Qc7 {[%clk
00:26:36]} {[%emt 00:02:18]} Bb6 {[%clk 00:26:19]} {[%emt 00:03:14]} 32. Qxf7
{[%clk 00:26:36]} {[%emt 00:00:33]} Qf6 {[%clk 00:15:54]} {[%emt 00:10:50]} 33.
Qxf6 {[%clk 00:16:00]} {[%emt 00:11:14]} gxf6 {[%clk 00:16:22]} 34. Rb1 {[%clk
00:16:23]} {[%emt 00:00:04]} Bc5 {[%clk 00:16:21]} {[%emt 00:00:27]} 35. Rxb7
{[%clk 00:16:46]} {[%emt 00:00:07]} Rd2 {[%clk 00:16:39]} {[%emt 00:00:15]} 36.
Rh7+ {[%clk 00:14:58]} {[%emt 00:02:15]} Kg8 {[%clk 00:16:56]} {[%emt
00:00:13]} 37. Rxh6 {[%clk 00:15:20]} {[%emt 00:00:07]} Bxf2+ {[%clk 00:17:01]}
{[%emt 00:00:25]} 38. Kh2 {[%clk 00:15:20]} {[%emt 00:00:30]} Bd4 {[%clk
00:16:27]} {[%emt 00:01:05]} 39. Rg6+ {[%clk 00:12:40]} {[%emt 00:03:09]} Kh8
{[%clk 00:16:47]} {[%emt 00:00:09]} 40. h6 {[%clk 00:12:29]} {[%emt 00:00:42]}
Rf2 {[%clk 00:16:02]} {[%emt 00:01:16]} 41. Bd3 {[%clk 00:09:51]} {[%emt
00:03:08]} Rd2 {[%clk 00:14:54]} {[%emt 00:01:42]} 42. Be4 {[%clk 00:10:08]}
{[%emt 00:00:10]} Re2 {[%clk 00:13:54]} {[%emt 00:01:33]} 43. Rg4 {[%clk
00:08:38]} {[%emt 00:01:58]} Rf2 {[%clk 00:13:57]} {[%emt 00:00:26]} 44. Bb1
{[%clk 00:30:13]} {[%emt 00:13:36]} Be5+ {[%clk 00:44:02]} 45. Kg1 {[%clk
00:30:16]} Rb2 {[%clk 00:44:11]} 46. Be4 {[%clk 00:30:21]} Rxa2 {[%clk
00:41:42]} 47. h7 {[%clk 00:30:41]} {[%emt 00:00:10]} Ra1+ 48. Kf2 {[%clk
00:30:41]} f5 49. Bxf5 {[%clk 00:30:41]} Bg7 50. Re4 {[%clk 00:30:41]} Bf8 51.
Re8 {[%clk 00:30:41]} Kg7 52. Rxf8 {[%clk 00:30:41]} 1-0

[Event "DVM U12 2020"]
[Site "Magdeburg GER"]
[Date "2021.08.06"]
[Round "3"]
[White "Fruth, David"]
[Black "Haubold, Christian Lucas"]
[Result "1-0"]
[Termination "normal"]
[Board "2.2"]
[WhiteElo "1749"]
[BlackElo "1649"]
[WhiteClock "01:23:49"]
[BlackClock "00:27:00"]
[WhiteTeam "USV TU Dresden"]
[BlackTeam "SG Einheit Staßfurt"]
[PlyCount "107"]
[WhiteFideId "16257596"]
[BlackFideId "16259629"]
[EventCountry "GER"]
[EventRounds "7"]
[EventType "team-swiss"]
[EventDate "2021.08.04"]

1. e4 {[%clk 01:29:20]} e5 {[%clk 01:30:49]} 2. Nf3 {[%clk 01:29:49]} Nc6
{[%clk 01:31:07]} 3. Bb5 {[%clk 01:30:11]} a6 {[%clk 01:31:32]} 4. Bxc6 dxc6
{[%clk 01:31:43]} 5. O-O {[%clk 01:30:51]} Be7 {[%clk 01:31:43]} 6. Nxe5 {[%clk
01:30:41]} Qd4 {[%clk 01:31:44]} 7. Nf3 {[%clk 01:30:48]} Qxe4 {[%clk
01:30:54]} 8. Nc3 {[%clk 01:30:17]} Qf5 {[%clk 01:27:03]} 9. d4 Be6 {[%clk
01:14:39]} {[%emt 00:09:54]} 10. Be3 {[%clk 01:28:11]} O-O-O {[%clk 01:14:24]}
11. a4 {[%clk 01:25:20]} {[%emt 00:03:32]} g5 {[%clk 01:10:52]} {[%emt
00:02:46]} 12. Qd2 {[%clk 01:23:44]} {[%emt 00:32:31]} h6 {[%clk 01:06:03]} 13.
Rfb1 {[%clk 01:22:10]} c5 {[%clk 01:00:16]} 14. Ne2 {[%clk 01:20:13]} g4 {[%clk
00:57:43]} 15. Ne1 {[%clk 01:19:04]} {[%emt 00:00:04]} Nf6 {[%clk 00:52:02]}
16. c3 {[%clk 01:14:25]} {[%emt 00:01:42]} Ne4 {[%clk 00:51:06]} {[%emt
00:14:49]} 17. Qc2 {[%clk 01:13:56]} Nd6 {[%clk 00:46:32]} 18. dxc5 {[%clk
01:13:52]} Qxc2 {[%clk 00:46:55]} 19. Nxc2 {[%clk 01:14:18]} Nf5 {[%clk
00:46:26]} {[%emt 00:00:04]} 20. b4 {[%clk 01:07:06]} {[%emt 00:02:03]} Nxe3
{[%clk 00:39:39]} {[%emt 00:32:43]} 21. Nxe3 {[%clk 01:07:16]} Bg5 {[%clk
00:39:29]} 22. Rd1 {[%clk 01:05:51]} Bxe3 {[%clk 00:39:31]} 23. fxe3 {[%clk
01:06:18]} Bc4 {[%clk 00:27:51]} {[%emt 00:00:05]} 24. Nf4 {[%clk 01:06:08]}
Rhe8 {[%clk 00:24:50]} 25. Kf2 {[%clk 01:05:59]} Re4 {[%clk 00:21:27]} 26.
Rxd8+ {[%clk 01:04:47]} {[%emt 00:01:00]} Kxd8 {[%clk 00:22:22]} {[%emt
00:00:18]} 27. Rd1+ {[%clk 01:04:59]} {[%emt 00:00:04]} Kc8 {[%clk 00:21:54]}
{[%emt 00:01:04]} 28. Rd4 {[%clk 01:00:31]} {[%emt 00:04:52]} Rxd4 {[%clk
00:18:38]} {[%emt 00:03:45]} 29. cxd4 {[%clk 01:00:54]} {[%emt 00:00:08]} Bb3
{[%clk 00:18:28]} {[%emt 00:00:40]} 30. a5 {[%clk 01:01:07]} {[%emt 00:00:18]}
f5 {[%clk 00:17:13]} {[%emt 00:01:45]} 31. Ng6 {[%clk 01:01:00]} {[%emt
00:00:40]} Kd7 {[%clk 00:16:44]} {[%emt 00:00:55]} 32. Ne5+ {[%clk 01:00:56]}
{[%emt 00:00:35]} Ke7 {[%clk 00:16:33]} {[%emt 00:00:41]} 33. Ke2 {[%clk
01:00:40]} {[%emt 00:00:45]} Bc2 {[%clk 00:16:36]} {[%emt 00:00:27]} 34. Kd2
{[%clk 00:58:27]} {[%emt 00:02:43]} Be4 {[%clk 00:16:52]} {[%emt 00:00:14]} 35.
g3 {[%clk 00:58:53]} {[%emt 00:00:06]} Ke6 {[%clk 00:15:00]} {[%emt 00:02:21]}
36. Kc3 {[%clk 00:57:42]} {[%emt 00:01:44]} Ke7 {[%clk 00:08:47]} {[%emt
00:06:40]} 37. Kc4 {[%clk 00:56:26]} {[%emt 00:01:45]} c6 {[%clk 00:08:37]}
{[%emt 00:00:40]} 38. Nd3 {[%clk 00:56:01]} {[%emt 00:00:55]} Bd5+ {[%clk
00:05:53]} {[%emt 00:03:18]} 39. Kc3 {[%clk 00:56:20]} {[%emt 00:00:07]} Kf7
{[%clk 00:04:37]} {[%emt 00:01:45]} 40. Nf4 {[%clk 00:56:33]} {[%emt 00:00:18]}
Ba2 {[%clk 00:03:43]} {[%emt 00:01:24]} 41. d5 {[%clk 00:53:01]} {[%emt
00:04:06]} Kf6 {[%clk 00:29:10]} {[%emt 00:04:58]} 42. b5 {[%clk 01:20:50]}
{[%emt 00:02:45]} axb5 {[%clk 00:25:35]} {[%emt 00:04:05]} 43. dxc6 {[%clk
01:20:47]} {[%emt 00:00:33]} bxc6 {[%clk 00:25:12]} {[%emt 00:00:49]} 44. a6
{[%clk 01:21:11]} {[%emt 00:00:06]} b4+ {[%clk 00:24:49]} {[%emt 00:00:53]} 45.
Kxb4 {[%clk 01:21:36]} {[%emt 00:00:07]} h5 {[%clk 00:24:53]} {[%emt 00:00:23]}
46. a7 {[%clk 01:21:59]} {[%emt 00:00:08]} h4 {[%clk 00:25:17]} {[%emt
00:00:15]} 47. gxh4 {[%emt 00:00:06]} Bf7 {[%clk 00:25:04]} {[%emt 00:02:37]}
48. a8=Q {[%clk 01:22:35]} Kg7 {[%clk 00:25:23]} 49. h5 {[%clk 01:22:50]} Kh7
{[%clk 00:25:32]} 50. h6 {[%clk 01:22:57]} Kxh6 {[%clk 00:25:43]} 51. Qh8+
{[%clk 01:23:14]} Kg5 {[%clk 00:26:09]} {[%emt 00:00:06]} 52. Qg7+ {[%clk
01:23:29]} {[%emt 00:00:08]} Kh4 {[%clk 00:26:34]} {[%emt 00:00:10]} 53. Qh6
{[%clk 01:23:49]} {[%emt 00:00:07]} Bh5 {[%clk 00:27:00]} {[%emt 00:00:06]} 54.
Qxh5 {[%emt 00:00:06]} 1-0

[Event "DVM U12 2020"]
[Site "Magdeburg GER"]
[Date "2021.08.06"]
[Round "3"]
[White "Schambier, Leon Elias"]
[Black "Espig, Nils"]
[Result "0-1"]
[Termination "normal"]
[Board "2.3"]
[WhiteElo "1178"]
[BlackElo "1601"]
[WhiteClock "00:47:18"]
[BlackClock "01:10:04"]
[WhiteTeam "SG Einheit Staßfurt"]
[BlackTeam "USV TU Dresden"]
[PlyCount "66"]
[WhiteFideId "34608184"]
[BlackFideId "16236980"]
[EventCountry "GER"]
[EventRounds "7"]
[EventType "team-swiss"]
[EventDate "2021.08.04"]

1. d4 {[%clk 01:30:58]} {[%emt 16:11:44]} d5 {[%clk 01:30:54]} 2. Bf4 {[%clk
01:30:58]} {[%emt 00:00:24]} e6 {[%clk 01:30:52]} {[%emt 00:00:26]} 3. Nf3
{[%clk 01:30:22]} {[%emt 00:01:04]} Nf6 {[%clk 01:29:25]} {[%emt 00:02:25]} 4.
e3 {[%clk 01:29:00]} {[%emt 00:01:25]} c5 {[%clk 01:29:36]} {[%emt 00:00:38]}
5. c3 {[%clk 01:28:24]} {[%emt 00:00:46]} Nc6 {[%clk 01:28:22]} {[%emt
00:01:46]} 6. Be2 {[%clk 01:26:13]} {[%emt 00:06:27]} h6 {[%clk 01:26:59]} 7.
Nbd2 {[%clk 01:23:48]} {[%emt 00:04:00]} Bd6 {[%clk 01:24:28]} 8. Bg3 {[%clk
01:21:37]} {[%emt 00:12:35]} O-O {[%clk 01:24:34]} 9. Ne5 {[%clk 01:14:03]}
Bxe5 {[%clk 01:24:38]} 10. Bxe5 {[%clk 01:13:34]} Nxe5 {[%clk 01:24:21]} {[%emt
00:02:09]} 11. dxe5 {[%clk 01:13:28]} Nd7 {[%clk 01:24:49]} 12. Nf3 {[%clk
01:13:26]} Qc7 {[%clk 01:24:34]} {[%emt 00:00:31]} 13. c4 {[%clk 01:10:28]}
{[%emt 00:03:28]} dxc4 {[%clk 01:21:47]} {[%emt 00:04:43]} 14. Bxc4 {[%clk
01:10:37]} Nxe5 {[%clk 01:21:56]} 15. Nxe5 {[%clk 01:10:34]} Qxe5 {[%clk
01:22:14]} {[%emt 00:00:18]} 16. Qc2 {[%clk 01:08:53]} {[%emt 00:03:10]} b6
{[%clk 01:21:29]} 17. O-O-O {[%clk 01:08:34]} {[%emt 00:04:10]} Bb7 {[%clk
01:21:13]} 18. Rhg1 {[%clk 01:05:55]} {[%emt 00:00:34]} Qxh2 {[%clk 01:18:23]}
{[%emt 00:13:56]} 19. Bd3 {[%clk 01:02:23]} Rfd8 {[%clk 01:12:36]} 20. Be4
{[%clk 00:58:40]} {[%emt 00:11:35]} Bxe4 {[%clk 01:11:22]} 21. Qxe4 {[%clk
00:58:28]} Qc7 {[%clk 01:09:40]} 22. Rd2 {[%clk 00:56:15]} Rxd2 {[%clk
01:08:28]} {[%emt 00:06:50]} 23. Qxa8+ {[%clk 00:56:24]} Rd8 {[%clk 01:08:53]}
24. Qe4 {[%clk 00:55:42]} Qd6 {[%clk 01:08:51]} 25. Qc2 {[%clk 00:55:10]} Qd3
{[%clk 01:08:52]} 26. Qa4 {[%clk 00:52:35]} {[%emt 00:01:19]} Qd2+ {[%clk
01:08:33]} {[%emt 00:00:55]} 27. Kb1 {[%clk 00:52:57]} {[%emt 00:00:07]} Qxf2
{[%clk 01:08:48]} {[%emt 00:00:14]} 28. Rd1 {[%clk 00:48:34]} {[%emt 00:06:28]}
Rxd1+ {[%clk 01:07:57]} 29. Qxd1 {[%clk 00:48:35]} {[%emt 00:00:11]} Qxe3
{[%clk 01:08:09]} {[%emt 00:02:27]} 30. Qd8+ {[%clk 00:48:51]} Kh7 {[%clk
01:08:33]} 31. Qd7 {[%clk 00:48:49]} Qe4+ {[%clk 01:07:46]} 32. Qd3 {[%clk
00:47:09]} {[%emt 00:05:21]} Qxd3+ {[%clk 01:10:04]} 33. Ka1 {[%clk 00:47:18]}
Qd1# 0-1

[Event "DVM U12 2020"]
[Site "Magdeburg GER"]
[Date "2021.08.06"]
[Round "3"]
[White "Schmidt, Frederick"]
[Black "Beck, Jason"]
[Result "1-0"]
[Termination "normal"]
[Board "2.4"]
[WhiteElo "1208"]
[BlackElo "1132"]
[WhiteClock "01:30:30"]
[BlackClock "01:30:30"]
[WhiteTeam "USV TU Dresden"]
[BlackTeam "SG Einheit Staßfurt"]
[PlyCount "113"]
[WhiteFideId "34608176"]
[BlackFideId "34608389"]
[EventCountry "GER"]
[EventRounds "7"]
[EventType "team-swiss"]
[EventDate "2021.08.04"]

1. d4 {[%clk 01:30:30]} d5 {[%clk 01:30:30]} 2. c4 {[%clk 01:30:30]} dxc4
{[%clk 01:30:30]} 3. e3 {[%clk 01:30:30]} Nf6 {[%clk 01:30:30]} 4. Bxc4 {[%clk
01:30:30]} Bf5 {[%clk 01:30:30]} 5. Nc3 {[%clk 01:30:30]} Nc6 {[%clk 01:30:30]}
6. Nf3 {[%clk 01:30:30]} e6 {[%clk 01:30:30]} 7. O-O {[%clk 01:30:30]} Bd6
{[%clk 01:30:30]} 8. Re1 {[%clk 01:30:30]} O-O {[%clk 01:30:30]} 9. e4 {[%clk
01:30:30]} Bg4 {[%clk 01:30:30]} 10. e5 {[%clk 01:30:30]} Bxf3 {[%clk
01:30:30]} 11. Qxf3 {[%clk 01:30:30]} Nxd4 {[%clk 01:30:30]} 12. Qd3 {[%clk
01:30:30]} Bxe5 {[%clk 01:30:30]} 13. Rxe5 {[%clk 01:30:30]} Nc6 {[%clk
01:30:30]} 14. Re2 {[%clk 01:30:30]} Qxd3 {[%clk 01:30:30]} 15. Bxd3 {[%clk
01:30:30]} Rfd8 {[%clk 01:30:30]} 16. Bc2 {[%clk 01:30:30]} Nd4 {[%clk
01:30:30]} 17. Rd2 {[%clk 01:30:30]} Nxc2 {[%clk 01:30:30]} 18. Rxc2 {[%clk
01:30:30]} Ne4 {[%clk 01:30:30]} 19. h3 {[%clk 01:30:30]} Nc5 {[%clk 01:30:30]}
20. Be3 {[%clk 01:30:30]} b6 {[%clk 01:30:30]} 21. Rd1 {[%clk 01:30:30]} Rxd1+
{[%clk 01:30:30]} 22. Nxd1 {[%clk 01:30:30]} Na6 {[%clk 01:30:30]} 23. Nc3
{[%clk 01:30:30]} c5 {[%clk 01:30:30]} 24. Rd2 {[%clk 01:30:30]} Kf8 {[%clk
01:30:30]} 25. f4 {[%clk 01:30:30]} f5 {[%clk 01:30:30]} 26. Rd7 {[%clk
01:30:30]} Nb4 {[%clk 01:30:30]} 27. a3 {[%clk 01:30:30]} Nc6 {[%clk 01:30:30]}
28. Nb5 {[%clk 01:30:30]} a6 {[%clk 01:30:30]} 29. Nc7 {[%clk 01:30:30]} Rc8
{[%clk 01:30:30]} 30. Nxe6+ {[%clk 01:30:30]} Kg8 {[%clk 01:30:30]} 31. Rxg7+
{[%clk 01:30:30]} Kh8 {[%clk 01:30:30]} 32. Rc7 {[%clk 01:30:30]} Rxc7 {[%clk
01:30:30]} 33. Nxc7 {[%clk 01:30:30]} a5 {[%clk 01:30:30]} 34. Nd5 {[%clk
01:30:30]} Kg7 {[%clk 01:30:30]} 35. Nxb6 {[%clk 01:30:30]} c4 {[%clk
01:30:30]} 36. Nxc4 {[%clk 01:30:30]} Kf6 {[%clk 01:30:30]} 37. Kf2 {[%clk
01:30:30]} h5 {[%clk 01:30:30]} 38. Kf3 {[%clk 01:30:30]} a4 {[%clk 01:30:30]}
39. g4 {[%clk 01:30:30]} fxg4+ {[%clk 01:30:30]} 40. hxg4 {[%clk 01:30:30]}
hxg4+ {[%clk 01:30:30]} 41. Kxg4 {[%clk 01:30:30]} Ne7 {[%clk 01:30:30]} 42.
Nb6 {[%clk 01:30:30]} Kg6 {[%clk 01:30:30]} 43. Nxa4 {[%clk 01:30:30]} Nd5
{[%clk 01:30:30]} 44. Bd4 {[%clk 01:30:30]} Kf7 {[%clk 01:30:30]} 45. b4 {[%clk
01:30:30]} Nc7 {[%clk 01:30:30]} 46. f5 {[%clk 01:30:30]} Nb5 {[%clk 01:30:30]}
47. Bc5 {[%clk 01:30:30]} Kf6 {[%clk 01:30:30]} 48. Nb6 {[%clk 01:30:30]} Nxa3
{[%clk 01:30:30]} 49. Bd4+ {[%clk 01:30:30]} Kf7 {[%clk 01:30:30]} 50. Kg5
{[%clk 01:30:30]} Nc2 {[%clk 01:30:30]} 51. Bc3 {[%clk 01:30:30]} Ne3 {[%clk
01:30:30]} 52. b5 {[%clk 01:30:30]} Nxf5 {[%clk 01:30:30]} 53. Kxf5 {[%clk
01:30:30]} Ke7 {[%clk 01:30:30]} 54. Ke5 {[%clk 01:30:30]} Kd8 {[%clk
01:30:30]} 55. Kd6 {[%clk 01:30:30]} Ke8 {[%clk 01:30:30]} 56. Kc7 {[%clk
01:30:30]} Ke7 {[%clk 01:30:30]} 57. Nd7 {[%clk 01:30:30]} 1-0